| Tag |
First Indicator |
Second Indicator |
Subfields |
| LEADER |
00000cam a2200000 4500 |
| 001 |
in00000040683 |
| 005 |
20151007064621.0 |
| 008 |
730213s1961 cau b 00000 eng u |
| 010 |
|
|
|a 61006530
|
| 035 |
|
|
|a (OCoLC)00557457
|
| 035 |
|
|
|9 AAE0238AM
|
| 040 |
|
|
|c KSU
|d TXA
|d UtOrBLW
|
| 049 |
|
|
|a TXAM
|c [336936]
|
| 050 |
0 |
0 |
|a Z7141
|b .M3
|
| 092 |
|
|
|a 530
|b A1M346d, 1961
|
| 100 |
1 |
|
|a Marckworth, M. Lois.
|
| 245 |
1 |
0 |
|a Dissertations in physics ;
|b an indexed bibliography of all doctoral theses accepted by American universities, 1861-1959 /
|c Compiled with the assistance of the staff of the Advanced Systems Development Division and Research Laboratories, International Business Machines Corporation, San Jose, California.
|
| 264 |
|
1 |
|a Stanford, Calif. :
|b Stanford University Press,
|c 1961.
|
| 300 |
|
|
|a xii, 803 pages ;
|c 29 cm.
|
| 336 |
|
|
|a text
|b txt
|2 rdacontent
|
| 337 |
|
|
|a unmediated
|b n
|2 rdamedia
|
| 338 |
|
|
|a volume
|b nc
|2 rdacarrier
|
| 650 |
|
0 |
|a Physics
|v Bibliography.
|
| 650 |
|
0 |
|a Dissertations, Academic
|z United States
|v Bibliography.
|
| 999 |
|
|
|a MARS
|
| 999 |
f |
f |
|s 7ab55dfd-bbdb-3cfc-81df-bf5dea7e2766
|i 2a603a16-f341-384e-a146-259511714401
|t 0
|
| 952 |
f |
f |
|p ric
|a Texas A&M University
|b Rellis Campus
|c Joint Library Facility
|d Remote Storage
|t 0
|e Z7141 .M3
|h Library of Congress classification
|i unmediated -- volume
|m A14842633191
|
| 998 |
f |
f |
|a Z7141 .M3
|t 0
|l Remote Storage
|